000
00270nam a22001217a 4500
008
180802b xxu||||| |||| 00| 0 eng d
082
_a
813.52
245
_a
Nutrition & yuo
_c
Cummings.P.B
260
_c
2008
300
_a
4
440
_x
9780321490056
942
_2
ddc
_c
MX
999
_c
46726
_d
46726